00345nam a22000977a 4500008004100000082001600041100007900057245004500136260005400181300001200235230602b xxu||||| |||| 00| 0 eng d a303.62bKOR cBishop Cornelius KorirqBishop Cornelius Korir Catholic Diocese of Eldoret aAmani MashinanibPeace at the Grassroots aEldoret, KenyabCatholic Diocese of Eldoretc2009 aIV, 69p